00573 2200181 4500001002100000005001500021035002000036007000300056008004100059082001100100084001700111245008900128260006200217300003400279650001200313110005200325990001400377INLIS00000000000471220260331095636 a0010-0326000003ta260331 g 0 ind  a613.26 a613.26 GUB n1 aNeraca Bahan Makanan Sumatera Barat 1988 /cKantor Statistik Propinsi Sumatera Barat aPadang :bKantor Statistik Propinsi Sumatera Barat,c1988 ai, 22 hlm :bilus. ;c27,5 cm 4aMakanan0 aGubernur Kepala Daerah Tingkat I Sumatera Barat aBUN028763